000 00363nam a2200133Ia 4500
005 20260328104320.0
008 260328s9999||||xx |||||||||||||| ||und||
100 _aLucas, Dorian
245 0 _aEcológical Buildings :
_b New Strategies for Sustainable Architecture /
_cDorian Lucas
260 _bBraun
300 _a162 p.
650 _aARQUITECTURA
942 _cBK
999 _c11320
_d11320